Statistics for Top 50 Game of Thrones Characters by Mention

Click here to take the quiz!

General Stats

  • This quiz has been taken 5,147 times
  • The average score is 30 of 50

Answer Stats

Number of Mentions Answer % Correct
391Jon Snow
99%
640Eddard Stark
98%
326Arya Stark
97%
102Jon Arryn
97%
270Robb Stark
97%
444Tyrion Lannister
97%
344Sansa Stark
96%
210Jaime Lannister
96%
126Cersei Lannister
96%
380Bran Stark
93%
294Robert Baratheon
89%
396Catelyn Stark
89%
202Joffrey Baratheon
88%
350Daenerys Targaryen
88%
134Tywin Lannister
87%
224Petyr Baelish
85%
112Varys
80%
112Jorah Mormont
79%
80Rickon Stark
79%
134Sandor Clegane
77%
84Stannis Baratheon
77%
140Khal Drogo
75%
122Theon Greyjoy
75%
122Lysa Arryn
75%
126Samwell Tarly
73%
66Gregor Clegane
73%
108Renly Baratheon
69%
94Viserys Targaryen
63%
52Loras Tyrell
55%
92Bronn
49%
64Hodor
46%
68Jeor Mormont
44%
94Grand Maester Pycelle
44%
62Aerys Targaryen
42%
84Benjen Stark
41%
54Maester Aemon Targaryen
40%
64Rhaegar Targaryen
37%
122Maester Luwin
34%
92Barristan Selmy
32%
68Pypar
28%
66Alliser Thorne
25%
64Grenn
24%
134Rodrik Cassel
22%
110Jory Cassel
18%
58Illyrio Mopatis
15%
58Old Nan
15%
58Brynden Tully
13%
52Jeyne Poole
12%
86Septa Mordane
9%
48Mirri Maz Duur
9%

Score Distribution

Percentile by Number Answered

Percent of People with Each Score

Your Score History

You have not taken this quiz